000 00222nam a2200097Ia 4500
005 20250603145445.0
008 250603s9999 xx 000 0 und d
245 0 _aOil and Gas Laws in Nigeria.
260 _c2011
942 _cBK
999 _c41914
_d41914